<?xml version="1.0" encoding="UTF-8"?><?xml-stylesheet type="text/xsl" href="static/style.xsl"?><OAI-PMH xmlns="http://www.openarchives.org/OAI/2.0/" xmlns:xsi="http://www.w3.org/2001/XMLSchema-instance" xsi:schemaLocation="http://www.openarchives.org/OAI/2.0/ http://www.openarchives.org/OAI/2.0/OAI-PMH.xsd"><responseDate>2026-04-17T03:31:01Z</responseDate><request verb="GetRecord" identifier="oai:www.recercat.cat:2117/430563" metadataPrefix="marc">https://recercat.cat/oai/request</request><GetRecord><record><header><identifier>oai:recercat.cat:2117/430563</identifier><datestamp>2025-07-22T22:35:11Z</datestamp><setSpec>com_2072_1033</setSpec><setSpec>col_2072_452951</setSpec></header><metadata><record xmlns="http://www.loc.gov/MARC21/slim" xmlns:dcterms="http://purl.org/dc/terms/" xmlns:xsi="http://www.w3.org/2001/XMLSchema-instance" xmlns:doc="http://www.lyncode.com/xoai" xsi:schemaLocation="http://www.loc.gov/MARC21/slim http://www.loc.gov/standards/marcxml/schema/MARC21slim.xsd">
   <leader>00925njm 22002777a 4500</leader>
   <datafield ind2=" " ind1=" " tag="042">
      <subfield code="a">dc</subfield>
   </datafield>
   <datafield ind2=" " ind1=" " tag="720">
      <subfield code="a">Abollado Muñoz, Àngela Nicole</subfield>
      <subfield code="e">author</subfield>
   </datafield>
   <datafield ind2=" " ind1=" " tag="260">
      <subfield code="c">2024-12-20</subfield>
   </datafield>
   <datafield ind2=" " ind1=" " tag="520">
      <subfield code="a">Este trabajo de fin de grado se centra en la evaluación detallada de la viabilidad de dos tecnologías emergentes en el ámbito de la navegación mercante: las velas rígidas y los rotores Flettner, que operan bajo el principio del efecto Magnus. El objetivo principal es analizar cómo estas innovaciones pueden contribuir a la reducción del consumo de combustible y la disminución de la contaminación ambiental en el sector marítimo. En la primera parte teórica, se realiza un estudio exhaustivo de los antecedentes históricos y el estado actual de ambas tecnologías. Se profundiza en el funcionamiento de estas soluciones tecnológicas, explorando los principios aerodinámicos que los sustentan, así como su impacto en la eficiencia energética y la sostenibilidad medioambiental. Además, se analizan las ventajas y desventajas de implementar estas tecnologías en buques mercantes. En la parte práctica, se ha establecido contacto con Bound4blue, una empresa líder en el desarrollo de velas rígidas, con el fin de obtener información de primera mano sobre el diseño, los materiales empleados, y el sistema de control automatizado de las velas. Se estudia el posicionamiento óptimo de las velas en el buque, considerando factores como la estabilidad y la interacción con otros sistemas a bordo. Además, se ha estudiado el marco normativo que regula las tecnologías de propulsión asistida por viento (WAPS), con un enfoque en las regulaciones del SEEMP, las normativas clave para la descarbonización del transporte marítimo y la certificación de los sistemas relacionados. Asimismo, se han realizado cálculos basados en datos reales para evaluar los índices que miden la eficiencia energética y las emisiones de carbono en los buques, lo que incluye la medición de los índices de intensidad de carbono y el análisis del potencial de ahorro en el mercado de emisiones de CO₂. Para ello, se emplean fórmulas reconocidas y una calculadora del EEXI de Lloyd’s Register, lo que permite obtener un análisis preciso. Finalmente, se ofrece una visión completa de la eficiencia y viabilidad de las velas rígidas y rotores Flettner en el contexto actual del transporte marítimo.</subfield>
   </datafield>
   <datafield ind2=" " ind1=" " tag="520">
      <subfield code="a">Objectius de Desenvolupament Sostenible::7 - Energia Assequible i No Contaminant</subfield>
   </datafield>
   <datafield tag="653" ind2=" " ind1=" ">
      <subfield code="a">Àrees temàtiques de la UPC::Nàutica::Enginyeria naval</subfield>
   </datafield>
   <datafield tag="653" ind2=" " ind1=" ">
      <subfield code="a">Navires -- Propulsion -- wind power</subfield>
   </datafield>
   <datafield tag="653" ind2=" " ind1=" ">
      <subfield code="a">Navires -- Propulsion --  Renewable energy sources</subfield>
   </datafield>
   <datafield tag="653" ind2=" " ind1=" ">
      <subfield code="a">Sails -- Aerodynamics</subfield>
   </datafield>
   <datafield tag="653" ind2=" " ind1=" ">
      <subfield code="a">Wind power -- Industrial applications</subfield>
   </datafield>
   <datafield tag="653" ind2=" " ind1=" ">
      <subfield code="a">Velas rígidas</subfield>
   </datafield>
   <datafield tag="653" ind2=" " ind1=" ">
      <subfield code="a">Aerodinámica</subfield>
   </datafield>
   <datafield tag="653" ind2=" " ind1=" ">
      <subfield code="a">Eficiencia</subfield>
   </datafield>
   <datafield tag="653" ind2=" " ind1=" ">
      <subfield code="a">Rotores Flettner</subfield>
   </datafield>
   <datafield tag="653" ind2=" " ind1=" ">
      <subfield code="a">Efecto Magnus</subfield>
   </datafield>
   <datafield tag="653" ind2=" " ind1=" ">
      <subfield code="a">CII</subfield>
   </datafield>
   <datafield tag="653" ind2=" " ind1=" ">
      <subfield code="a">Emisiones CO₂</subfield>
   </datafield>
   <datafield tag="653" ind2=" " ind1=" ">
      <subfield code="a">Vaixells -- Propulsió -- Energies renovables</subfield>
   </datafield>
   <datafield tag="653" ind2=" " ind1=" ">
      <subfield code="a">Energia eòlica -- Aplicacions industrials</subfield>
   </datafield>
   <datafield tag="653" ind2=" " ind1=" ">
      <subfield code="a">Veles (Navegació) --  Aerodinàmica</subfield>
   </datafield>
   <datafield tag="653" ind2=" " ind1=" ">
      <subfield code="a">Vaixells mercants -- Propulsió -- Energies renovables</subfield>
   </datafield>
   <datafield ind2="0" ind1="0" tag="245">
      <subfield code="a">Estudio de la viabilidad del uso de energía eólica en buques mercantes. Estudio de un caso práctico</subfield>
   </datafield>
</record></metadata></record></GetRecord></OAI-PMH>